Quick Pick: Real Languages - Statistics

General Stats
  • This quiz has been taken 39 times
  • The average score is 19 of 25
Answer Stats
Question Tile Select % Correct
¿Can you pick the correct 15? Dutch Yes
97%
¿Can you pick the correct 15? Serbian Yes
94%
¿Can you pick the correct 15? Afrikaans Yes
91%
¿Can you pick the correct 15? Tagalog Yes
91%
¿Can you pick the correct 15? Verdurian No
89%
¿Can you pick the correct 15? Basque Yes
86%
¿Can you pick the correct 15? Jedi No
86%
¿Can you pick the correct 15? Sanskrit Yes
83%
¿Can you pick the correct 15? Saudi No
83%
¿Can you pick the correct 15? Dovahzul No
80%
¿Can you pick the correct 15? Hawaiian Yes
80%
¿Can you pick the correct 15? Khmer Yes
80%
¿Can you pick the correct 15? Omani No
80%
¿Can you pick the correct 15? Ubbi Dubbi No
80%
¿Can you pick the correct 15? Bothrakili No
77%
¿Can you pick the correct 15? Algerian No
74%
¿Can you pick the correct 15? Yoruba Yes
71%
¿Can you pick the correct 15? Aleut Yes
66%
¿Can you pick the correct 15? Hindu No
66%
¿Can you pick the correct 15? Nahuatl Yes
66%
¿Can you pick the correct 15? Coptic Yes
57%
¿Can you pick the correct 15? Manx Yes
57%
¿Can you pick the correct 15? Shona Yes
57%
¿Can you pick the correct 15? Sudanese No
57%
¿Can you pick the correct 15? Fula Yes
51%
No matching quizzes found
Score Distribution
Percent of People with Each Score
Percentile by Number Answered
Your Score History
You have not taken this quiz